000 00605nam a2200241Ia 4500
003 OSt
005 20221005121346.0
006 a|||||r|||| 00| 0
007 ta
008 221004b |||||||| |||| 00| 0 tel d
024 _a39757
037 _cTextual
040 _aCRL
_cCRL
_btel
041 _2tel
_atel
082 _aW:5, 35K4
100 _aMurthy radha krishna
_9630466
245 0 _aHakkuloo vidhuloo
300 _a72p.
_ccm.
650 _a POLITICAL SCIENCE
650 _aHUMAN RIGHTS
942 _hW:5, 35K4
_cTEXL
_2cc
999 _c1040899
_d1040899